00553nam a2200169Ia 4500008004100000020001500041041001200056082001600068100001600084245003800100260003100138300000800169650001400177942000700191999001500198952017000213221030s9999 xx 000 0 und d a8174880682 aEnglish a105.23bAro aM. G. Arora 0aStructure of Atomcby M. G. Arora bAnmol PubaNew Delhic1995 a158 aChemistry cBK c5704d5704 pBE 1414g40.00l0o105.23 Aror2024-06-13 00:00:00w2022-10-30yBK003Print4070aMIETLIBbMIETLIBcBL-Academic Block C, FL-2, CUP-19, SH-1, R-1d2000-04-2810HBE